书目信息 |
| 题名: |
PASCAL语言程序设计
|
|
| 作者: | 谭浩强 , 田淑清 编著 | |
| 分册: | ||
| 出版信息: | 北京 高等教育出版社 1989.5 |
|
| 页数: | 336页 | |
| 开本: | 26cm | |
| 丛书名: | ||
| 单 册: | ||
| 中图分类: | TP312PA | |
| 科图分类: | ||
| 主题词: | 程序设计-PASCAL语言--高等学校--教材 , PASCAL语言-程序设计--高等学校--教材 | |
| 电子资源: | ||
| ISBN: | 7-04-002285-0 | |
| 000 | 00864nam 2200253 45 | |
| 001 | 0190006734 | |
| 005 | 20070722115117.26 | |
| 010 | @a7-04-002285-0@dCNY16.40 | |
| 100 | @a19901122d1989 em y0chiy0121 ea | |
| 101 | 0 | @achi |
| 102 | @aCN@b110000 | |
| 105 | @ak j 000yy | |
| 200 | 10 | @aPASCAL语言程序设计@APASCAL YU YAN CHENG XU SHE JI@f谭浩强,田淑清编著@FTAN HAO QIANG , TIAN SHU QING BIAN ZHU |
| 210 | @a北京@c高等教育出版社@d1989.5@h1997 | |
| 215 | @a336页@d26cm | |
| 300 | @a高等学校计算机基础教育系列教材 | |
| 540 | 1 | @aPASCAL 语言 程序 设计@APASCAL YU YAN CHENG XU SHE JI |
| 606 | @a程序设计-PASCAL语言@x高等学校@x教材 | |
| 606 | @aPASCAL语言-程序设计@x高等学校@x教材 | |
| 690 | @aTP312PA@v3 | |
| 701 | 0 | @a谭浩强@ATAN HAO QIANG@4编著 |
| 701 | 0 | @a田淑清@ATIAN SHU QING@4编著 |
| 801 | 0 | @aCN@bTSSF@c20070722 |
| 905 | @a10447@dTP312PA@e554 | |
| PASCAL语言程序设计/谭浩强,田淑清编著.-北京:高等教育出版社,1989.5(1997) |
| 336页;26cm |
| 高等学校计算机基础教育系列教材 |
| ISBN 7-04-002285-0:CNY16.40 |
| ● |
| 相关链接 |
|
|
|
|
正题名:PASCAL语言程序设计
索取号:TP312PA/554
 
预约/预借
| 序号 | 登录号 | 条形码 | 馆藏地/架位号 | 状态 | 备注 |
| 1 | 0401446 | 204014468 | 第二样本阅览室/ [索取号:TP312PA/554] | 在馆 | |
| 2 | 0401447 | 204014477 | 密集书库/ [索取号:TP312PA/554] | 在馆 | |
| 3 | 0637706 | 206377062 | 密集书库/ [索取号:TP312PA/554] | 在馆 | |
| 4 | 0637707 | 206377071 | 密集书库/ [索取号:TP312PA/554] | 在馆 | |
| 5 | 0637708 | 206377080 | 密集书库/ [索取号:TP312PA/554] | 在馆 | |
| 6 | 0637709 | 206377099 | 密集书库/ [索取号:TP312PA/554] | 在馆 | |
| 7 | 0637710 | 206377106 | 密集书库/ [索取号:TP312PA/554] | 在馆 | |
| 8 | 0637711 | 206377115 | 密集书库/ [索取号:TP312PA/554] | 在馆 | |
| 9 | 0637712 | 206377124 | 密集书库/ [索取号:TP312PA/554] | 在馆 | |
| 10 | 0637713 | 206377133 | 密集书库/ [索取号:TP312PA/554] | 在馆 | |
| 11 | 0637714 | 206377142 | 密集书库/ [索取号:TP312PA/554] | 在馆 | |
| 12 | 0637715 | 206377151 | 密集书库/ [索取号:TP312PA/554] | 在馆 | |
| 13 | 0637716 | 206377160 | 密集书库/ [索取号:TP312PA/554] | 在馆 | |
| 14 | 0637717 | 206377179 | 密集书库/ [索取号:TP312PA/554] | 在馆 | |
| 15 | 0637718 | 206377188 | 密集书库/ [索取号:TP312PA/554] | 在馆 | |
| 16 | 0637719 | 206377197 | 密集书库/ [索取号:TP312PA/554] | 在馆 | |
| 17 | 0637720 | 206377204 | 密集书库/ [索取号:TP312PA/554] | 在馆 | |
| 18 | 0637721 | 206377213 | 密集书库/ [索取号:TP312PA/554] | 在馆 | |
| 19 | 0637722 | 206377222 | 密集书库/ [索取号:TP312PA/554] | 在馆 | |
| 20 | 0637723 | 206377231 | 密集书库/ [索取号:TP312PA/554] | 在馆 | |
| 21 | 0637724 | 206377240 | 密集书库/ [索取号:TP312PA/554] | 在馆 | |
| 22 | 0637725 | 206377259 | 密集书库/ [索取号:TP312PA/554] | 在馆 | |
| 23 | 0637726 | 206377268 | 密集书库/ [索取号:TP312PA/554] | 在馆 | |
| 24 | 0637727 | 206377277 | 密集书库/ [索取号:TP312PA/554] | 在馆 | |
| 25 | 0637728 | 206377286 | 密集书库/ [索取号:TP312PA/554] | 在馆 | |
| 26 | 0637729 | 206377295 | 密集书库/ [索取号:TP312PA/554] | 在馆 | |
| 27 | 0637730 | 206377302 | 密集书库/ [索取号:TP312PA/554] | 在馆 | |
| 28 | 0637731 | 206377311 | 密集书库/ [索取号:TP312PA/554] | 在馆 | |
| 29 | 0637732 | 206377320 | 密集书库/ [索取号:TP312PA/554] | 在馆 | |
| 30 | 0637733 | 206377339 | 密集书库/ [索取号:TP312PA/554] | 在馆 | |
| 31 | 0637734 | 206377348 | 密集书库/ [索取号:TP312PA/554] | 在馆 | |
| 32 | 0637735 | 206377357 | 密集书库/ [索取号:TP312PA/554] | 在馆 | |
| 33 | 0637736 | 206377366 | 密集书库/ [索取号:TP312PA/554] | 在馆 | |
| 34 | 0637737 | 206377375 | 密集书库/ [索取号:TP312PA/554] | 在馆 | |
| 35 | 0637738 | 206377384 | 密集书库/ [索取号:TP312PA/554] | 在馆 | |
| 36 | 0637739 | 206377393 | 密集书库/ [索取号:TP312PA/554] | 在馆 | |
| 37 | 0637740 | 206377400 | 密集书库/ [索取号:TP312PA/554] | 在馆 | |
| 38 | 0637741 | 206377419 | 密集书库/ [索取号:TP312PA/554] | 在馆 | |
| 39 | 0637742 | 206377428 | 密集书库/ [索取号:TP312PA/554] | 在馆 | |
| 40 | 0769014 | 207690140 | 密集书库/ [索取号:TP312PA/554] | 在馆 |